<?xml version="1.0" encoding="UTF-8"?>
<record
    xmlns:xsi="http://www.w3.org/2001/XMLSchema-instance"
    xsi:schemaLocation="http://www.loc.gov/MARC21/slim http://www.loc.gov/standards/marcxml/schema/MARC21slim.xsd"
    xmlns="http://www.loc.gov/MARC21/slim">

  <leader>01517nam a22001937a 4500</leader>
  <controlfield tag="003">OSt</controlfield>
  <controlfield tag="005">20201204101519.0</controlfield>
  <controlfield tag="008">201204b 2014 sp a 00| 0 eng d</controlfield>
  <datafield tag="020" ind1=" " ind2=" ">
    <subfield code="a">9788494245220</subfield>
  </datafield>
  <datafield tag="040" ind1=" " ind2=" ">
    <subfield code="a">DO-SdBNP</subfield>
    <subfield code="b">spa</subfield>
    <subfield code="c">BNPHU</subfield>
  </datafield>
  <datafield tag="245" ind1="0" ind2="0">
    <subfield code="a">Antolog&#xED;a : </subfield>
    <subfield code="b">Escritores dominicanos en Espa&#xF1;a /</subfield>
    <subfield code="c">presentaci&#xF3;n ;  Daniel Tejada.</subfield>
  </datafield>
  <datafield tag="246" ind1=" " ind2="0">
    <subfield code="a">Primera antolog&#xED;a de escritores dominicanos en Espa&#xF1;a</subfield>
  </datafield>
  <datafield tag="260" ind1=" " ind2=" ">
    <subfield code="a">Espa&#xF1;a : </subfield>
    <subfield code="b">Acudebi,</subfield>
    <subfield code="c">2014.</subfield>
  </datafield>
  <datafield tag="300" ind1=" " ind2=" ">
    <subfield code="a">140 p. : </subfield>
    <subfield code="b">il., retrs. ; </subfield>
    <subfield code="c">21 cm</subfield>
  </datafield>
  <datafield tag="505" ind1="0" ind2=" ">
    <subfield code="t">El problema fundamental de la Filosofia / </subfield>
    <subfield code="r">Alejandro Arvelo --</subfield>
    <subfield code="t">Abrazos gratis / </subfield>
    <subfield code="r">Ana Mar&#xED;a C&#xE9;spedes --</subfield>
    <subfield code="t">Voy a ser puta / </subfield>
    <subfield code="r">Ana Mar&#xED;a C&#xE9;spedes --</subfield>
    <subfield code="t">Mahria / </subfield>
    <subfield code="r">Bernardo Silfa Bor --</subfield>
    <subfield code="t">El t&#xFA;nel de los espejos /</subfield>
    <subfield code="r">Daniel Tejada --</subfield>
    <subfield code="t">Onitino Asomosa /</subfield>
    <subfield code="r"> Daniel Tejada --</subfield>
    <subfield code="t">Posesi&#xF3;n espiritual / </subfield>
    <subfield code="r">Dolquisa Olivares --</subfield>
    <subfield code="t">Cr&#xF3;nica / </subfield>
    <subfield code="r">Doris Araujo --</subfield>
    <subfield code="t">Sachi / </subfield>
    <subfield code="r">Isidra Mej&#xED;a --</subfield>
    <subfield code="t">Todo por Al Capone / </subfield>
    <subfield code="r">Isidra Mej&#xED;a --</subfield>
    <subfield code="t">Otro mundo es posible / </subfield>
    <subfield code="r">Jonathan G&#xF3;mez --</subfield>
    <subfield code="t">Un curato de hora /</subfield>
    <subfield code="r">Mayobanex P&#xE9;rez N&#xFA;&#xF1;z --</subfield>
    <subfield code="t">Los tesoros del mar /</subfield>
    <subfield code="r">Norberto Azor --</subfield>
    <subfield code="t">Paseando con mi perro / </subfield>
    <subfield code="r">Norberto Azor --</subfield>
    <subfield code="t">La muerte m&#xE1;s dulce / </subfield>
    <subfield code="r">Roberto Garc&#xED;a --</subfield>
    <subfield code="t">La mueca / </subfield>
    <subfield code="r">Rosa Silverio --</subfield>
    <subfield code="t">Danza entre una escoba encendida y un rosal / </subfield>
    <subfield code="r">Sol&#xE1;ngel Voldez --</subfield>
    <subfield code="t">El gato roto mira desde su esquina / </subfield>
    <subfield code="r">Sol Lora --</subfield>
    <subfield code="t">El gato roto es azul que se pierde en mi jard&#xED;n / </subfield>
    <subfield code="r">Sol Lora --</subfield>
    <subfield code="t">Pasteler&#xED;a Nati / </subfield>
    <subfield code="r">Virginia Read Escobal.</subfield>
  </datafield>
  <datafield tag="590" ind1=" " ind2=" ">
    <subfield code="a">Inventariado, 2020 /LP

</subfield>
  </datafield>
  <datafield tag="700" ind1="1" ind2=" ">
    <subfield code="a">Tejada, Daniel,</subfield>
    <subfield code="e">presentaci&#xF3;n</subfield>
    <subfield code="9">76233</subfield>
  </datafield>
  <datafield tag="942" ind1=" " ind2=" ">
    <subfield code="2">ddc</subfield>
    <subfield code="c">LBS1</subfield>
  </datafield>
  <datafield tag="952" ind1=" " ind2=" ">
    <subfield code="0">0</subfield>
    <subfield code="1">0</subfield>
    <subfield code="2">ddc</subfield>
    <subfield code="5">1</subfield>
    <subfield code="7">1</subfield>
    <subfield code="8">MO</subfield>
    <subfield code="a">BNPHU</subfield>
    <subfield code="b">PD</subfield>
    <subfield code="c">HD</subfield>
    <subfield code="d">2020-12-04</subfield>
    <subfield code="e">Nieves L. Emeterio Rond&#xF3;n </subfield>
    <subfield code="l">0</subfield>
    <subfield code="r">2020-12-04</subfield>
    <subfield code="w">2020-12-04</subfield>
    <subfield code="y">LBS1</subfield>
  </datafield>
  <datafield tag="999" ind1=" " ind2=" ">
    <subfield code="c">49238</subfield>
    <subfield code="d">49238</subfield>
  </datafield>
</record>
